000 00744nam a2200253Ia 4500
003 OSt
005 20220928101646.0
006 a|||||r|||| 00| 0
007 ta
008 220927b |||||||| |||| 00| 0 hin d
020 _c250
024 _a121141
037 _b6240, 10/01/2014, Rajkamal Prakashan Pvt.Ltd.
_cTextual
040 _aSDCL
_cSDCL
_bhin
041 _2hin
_ahin
082 _a0152,1N62x, Q3
100 _aSingh Savita
_9393363
245 0 _aSwpna samay
260 _aNew Delhi
_bRadhkrishna Prakashan Pvt Ltd
_c2013
300 _a11;127p
_ccm.
650 _aHindi
_9391598
942 _h0152,1N62x, Q3
_cTEXL
_2CC
999 _c709009
_d709009